00604nam a2200145 a 450000100100000000500170001000800410002704000250006810000230009324501360011626000560025230000270030895201060033599900170044100003817120241030114426.0130320s2002 dr a 000 0 spa d aDO-SdBNPbspacBNPHU1 aDuarte, Isis9212313aLa representación femenina en el congreso y el ayuntamiento :b(análisis de los resultados electorales de 2002) /cIsis Duarte. aSanto Domingo :bParticipación Ciudadana ,c2002. a43 p. :bil. ;c21 cm. 00107-18PDaPDbPDcOId2013-03-20iLF1l0o p38171-10r2020-06-25w2020-06-25yLFPDZNo se presta c37661d37661